000 00625nam a2200193 i 4500
001 32255
003 ES-MaACL
005 20230906154536.0
007 t|
008 030130s1973 sp ||||1| spa d
100 1 _aBergier, Jacques.
_927989
245 1 0 _aNuestras facultades desconocidas
_b: Los misterios de la psicología /
_cJacques Bergier, Pierre Duval ; [traducción de Domingo Santos].
250 _a[2ª ed.].
260 _a[Barcelona :
_bPlaza & Janés,
_c1973]
300 _a255 p. ;
_c18 cm.
700 1 _aDuval, Pierre.
_946379
700 1 _aSantos, Domingo.
_9103468
852 _aES-MaACL
_jC-53364
_bR.86460
999 _c32255
_d32255